Growth slowdovn in bureaucratic economic systems an issue revisited

Gespeichert in:
Bibliographische Detailangaben
1. Verfasser: Brixiova, Zuzana
Weitere Verfasser: Bulíř, Aleš
Format: Buch
Sprache:Englisch
Veröffentlicht: Washington International Monetary Fund 2001
Schriftenreihe:IMF Working Paper WP/01/6
Schlagworte:
Tags: Tag hinzufügen
Keine Tags, Fügen Sie das erste Tag hinzu!

MARC

LEADER 00000nam a2200000 4500
001 c124808
005 20221221091159.0
041 0 |a eng 
044 |a US 
245 1 0 |a Growth slowdovn in bureaucratic economic systems  |b an issue revisited  |c Zuzana Brixiova, Aleš Bulíř 
264 1 |a Washington  |b International Monetary Fund  |c 2001 
300 |a 35 s. 
490 1 |a IMF Working Paper  |v WP/01/6 
830 0 |a IMF Working Paper  |v WP/01/6 
610 2 0 |a rast hospodársky 
610 2 0 |a rast hospodársky nerovnovážny 
610 2 0 |a systémy ekonomické 
610 2 0 |a byrokracia 
610 2 0 |a správa štátna 
100 1 |a Brixiova, Zuzana 
700 1 |a Bulíř, Aleš